000 01230nam a2200337 a 4500
001 000112301
003 CHAP
005 20220329144256.0
008 160301s2016 mx a fsm |||||||spa d
010 _a108762
011 _a109734
040 _cCHAP
090 _aTesis
100 1 _aLópez González, Noé Baruch
_9130526
245 1 0 _aDiagnóstico de la producción de jitomate (Solanum lycopersicum L.) bajo invernadero en la Sierra Norte de Puebla /
_h[En línea]
_cpor Noé Baruch López González.
260 _aChapingo, Méx. :
_bEl autor,
_c2016.
500 _aPara ver el contenido del material haga clic en la liga
502 _aTesis (Ing. Agr. Esp. en Fitotecnia) -- UACH. Departamento de Fitotecnia
590 _aE5995AHE
_b05
_c20160301
_lUCH01
_h0915
590 _aE5995AHE
_b05
_c20160301
_lUCH01
_h0918
590 _aE5995AHE
_b05
_c20160302
_lUCH01
_h1345
650 1 4 _aAcolchado de suelos.
_9623
650 1 4 _aAyuda técnica
_zPuebla.
_99040
650 1 4 _aHidroponía.
_955280
650 1 4 _aPlásticos en agricultura.
_989199
650 1 4 _aTomate
_xRendimiento.
_9113761
856 _aFinding aid
_uhttp://10.13.5.2/tesis/sist112301.pdf
_zTeclea aquí
901 _aBK
942 _cTESIS
942 _n0
999 _c108762
_d108762